000 00525nam a2200169 4500
001 145371
003 ES-MaACL
005 20230906201222.0
007 t|
008 070214s1973 sp r ||||1| spa d
100 1 _aSpector, Cyril.
_9107665
245 1 3 _aLa dirección en la industria gráfica /
_cCyril Spector ; traducción de Cecilio Sánchez Gil.
260 _aMadrid :
_bParaninfo,
_c1973.
300 _a470 p. :
_bil. ;
_c22 cm.
700 1 _aSánchez Gil, Cecilio.
_9102671
852 _aES-MaACL
_jC-54855
_bR.87744
999 _c145371
_d145371